| 000 | 00898nam a2200217 a 4500 | ||
|---|---|---|---|
| 003 | 0 | ||
| 005 | 20250424072602.0 | ||
| 008 | 050808s19uu xx 00 eng d | ||
| 050 |
_aPHS JF 1371.P47 _b.H36 2005 |
||
| 100 | _aHam, Chorong L. | ||
| 245 |
_aPerceptions of teachers of Southville International School and Colleges on changing the government system from presidential to parliamentary / _cChorong L. Ham. |
||
| 260 |
_aLas PiƱas City, Philippines : _bSouthville International School and Colleges, _c2005. |
||
| 300 |
_a34 pages : _bcolored illustrations ; _c28 cm. |
||
| 504 | _aIncludes bibliographical references. | ||
| 650 | _aComparative government. | ||
| 650 |
_aPresidential government _zPhilippines _xPublic opinion. |
||
| 650 |
_aParliamentary government _xPublic opinion. |
||
| 650 |
_aGovernmental change _zPhilippines _xPublic opinion. |
||
| 942 |
_2lcc _cPASS |
||
| 999 |
_c97235 _d97235 |
||